00983cam a2200229 a 4500003000400000005001700004008004100021017004500062020001800107040001400125100002300139245025600162260002900418300003500447500008400482504003600566650003100602650004200633650003300675700002700708700001800735OSt20140915180146.0140915s2012 spcad b 000 0 spa d aDL B. 7715-2012bBiblioteca de Catalunya a9788423411344 bcatcCDMR1 aClark, Tim,d1956-10aTu modelo de negocio c/ escrito por: Tim Clark, en colaboración con Alexander Osterwalder e Yves Pigneur ; diseñado por: Alan Smith y Trish Papadakos ; traducido por: Lara Vázquez Cao ; con la participación de 328 colaboradores de 43 países aBarcelona bDeustoc2014 a257 p. bil. col. c19 x 24 cm aTít. orig.: Business model you : one-page method for reinventing your career aReferències bibliogràfiques07aEmpresesxCreació2lemac04aPeriodismexOrientació professional04aCompetències professionals1 aOsterwalder, Alexander1 aPigneur, Yves